The language arts : an integrated approach /

Bibliographic Details
Main Author: Fox, Sharon E.
Other Authors: Allen, Virginia Garibaldi
Format: Book
Language:English
Published: New York : Holt, Rinehart, and Winston, [1983]
Subjects:

MARC

Tag First Indicator Second Indicator Subfields
LEADER 00000cam a2200000 a 4500
001 in00000008220
005 20151002080016.0
008 821203s1983 nyua b 00110 eng
010 |a  82023293  
020 |a 0030540461 
035 |a (OCoLC)09080882 
035 |9 AAA0586AM 
040 |a DLC  |c DLC  |d m/c  |d TXA  |d UtOrBLW 
050 0 0 |a LB1576  |b .F67 1983 
100 1 |a Fox, Sharon E. 
245 1 4 |a The language arts :  |b an integrated approach /  |c Sharon E. Fox, Virginia Garibaldi Allen. 
264 1 |a New York :  |b Holt, Rinehart, and Winston,  |c [1983] 
264 4 |c ©1983 
300 |a xv, 512 pages :  |b illustrations ;  |c 25 cm. 
336 |a text  |b txt  |2 rdacontent 
337 |a unmediated  |b n  |2 rdamedia 
338 |a volume  |b nc  |2 rdacarrier 
504 |a Includes bibliographies and index. 
650 0 |a Language arts (Elementary) 
700 1 |a Allen, Virginia Garibaldi. 
999 |a MARS 
999 f f |s c14d6027-c281-309e-976e-58f73d71357b  |i c15ea452-dd10-3165-88b5-8dbaad7ded54  |t 0 
952 f f |p normal  |a Texas A&M University  |b College Station  |c Sterling C. Evans Library  |d Evans: Library Stacks  |t 0  |e LB1576 .F67 1983  |h Library of Congress classification  |i unmediated -- volume  |m A14810754797 
998 f f |a LB1576 .F67 1983  |t 0  |l Evans: Library Stacks